Cestovní ruch jako tzv. průřezové právní odvětví a jeho problémy
Venovanie sa špecifikám tzv. prierezových právnych odvetví, ku ktorým možno priradiť cestovný ruch, ale aj napr. právne postavenie menšín, alebo športové právo, ktorými sa autori článku dlhodobo zaoberajú.
Salvato in:
| Autore principale: | |
|---|---|
| Altri autori: | |
| Natura: | Capitolo di libro |
| Lingua: | ceco |
| Soggetti: | |
| Tags: |
Nessun Tag, puoi essere il primo ad aggiungerne!!
|
MARC
| LEADER | 00000naa a2200000 4500 | ||
|---|---|---|---|
| 001 | 0314939 | ||
| 005 | 20260212100829.4 | ||
| 041 | 0 | |a cze | |
| 044 | |a CZ | ||
| 245 | 1 | 0 | |a Cestovní ruch jako tzv. průřezové právní odvětví a jeho problémy |c René Petráš, Ivan Halász |
| 520 | |a Venovanie sa špecifikám tzv. prierezových právnych odvetví, ku ktorým možno priradiť cestovný ruch, ale aj napr. právne postavenie menšín, alebo športové právo, ktorými sa autori článku dlhodobo zaoberajú. | ||
| 610 | 2 | 0 | |a ruch cestovný |
| 610 | 2 | 0 | |a právo |
| 610 | 2 | 0 | |a legislatíva |
| 610 | 2 | 0 | |a zákony |
| 610 | 2 | 0 | |a odvetvia právne |
| 100 | 1 | |a Petráš, René | |
| 700 | 1 | |a Halász, Ivan | |